Pustnutie poľnohospodárskej krajiny

Proces genézy a pustnutia kultúrnej krajiny Slovenska. Erodované spustnuté pôdy. Príčiny a dôsledky novodobého pustnutia poľnohospodárskej pôdy. Formy pustnutia krajiny.

Gespeichert in:
Bibliographische Detailangaben
1. Verfasser: Zaušková, Ľubica
Weitere Verfasser: Midriak, Rudolf
Format: Buchkapitel
Sprache:Slowakisch
Schlagworte:
Tags: Tag hinzufügen
Keine Tags, Fügen Sie das erste Tag hinzu!

MARC

LEADER 00000naa a2200000 4500
001 0229659
005 20220805080435.2
041 0 |a slo 
044 |a SK 
245 1 0 |a Pustnutie poľnohospodárskej krajiny  |c Ľubica Zaušková, Rudolf Midriak 
520 |a Proces genézy a pustnutia kultúrnej krajiny Slovenska. Erodované spustnuté pôdy. Príčiny a dôsledky novodobého pustnutia poľnohospodárskej pôdy. Formy pustnutia krajiny. 
610 2 0 |a pôda 
610 2 0 |a pôda poľnohospodárska 
610 2 0 |a rozvoj trvalo udržateľný 
610 2 0 |a ochrana pôdy 
610 2 0 |a ochrana prírody 
610 2 0 |a ochrana prostredia životného 
610 2 0 |a Slovensko 
100 1 |a Zaušková, Ľubica 
700 1 |a Midriak, Rudolf